A great asian rivalries china and india / (Record no. 156599)

MARC details
000 -LEADER
fixed length control field 00567nam a22001817a 4500
005 - DATE AND TIME OF LATEST TRANSACTION
control field 20180829152115.0
010 ## - LCCN (DPL NO)
LC control number ENG-123790
020 ## - INTERNATIONAL STANDARD BOOK NUMBER
International Standard Book Number 9789380317458
Terms of availability 1450.00
035 ## - SYSTEM CONTROL NUMBER
System control number EN-107322
037 ## - SOURCE OF ACQUISITION
Source of stock number/acquisition DBAD/PUB
082 ## - DEWEY DECIMAL CLASSIFICATION NUMBER
Classification number 327.54051
100 ## - MAIN ENTRY--PERSONAL NAME
Personal name Bahera, S.P.
245 ## - TITLE STATEMENT
Title A great asian rivalries china and india /
Statement of responsibility, etc by S.P. Bahera
260 ## - PUBLICATION, DISTRIBUTION, ETC. (IMPRINT)
Place of publication, distribution, etc New Delhi
Name of publisher, distributor, etc Gaurav Book Centre
Date of publication, distribution, etc 2017
270 ## - ADDRESS
Address 4832/24, Prahlad Lane, S-207, Ansari Road, Daryaganj,
City New Delhi
Postal code 110002
300 ## - PHYSICAL DESCRIPTION
Extent 303p.
Dimensions 22cm.(Hb)
942 ## - ADDED ENTRY ELEMENTS (KOHA)
Source of classification or shelving scheme Dewey Decimal Classification
Item type English Books
Classification part 327.54051
Call number suffix BAH
Holdings
Withdrawn status Lost status Not for loan Collection code Home library Current library Date acquired Source of acquisition Cost, normal purchase price Full call number Barcode Copy number Cost, replacement price Koha item type
    Not For Loan Non-fiction D.B.Act.Division Patel Nagar 29/08/2018 DBAD/PUB 1450.00 327.54051 BAH EN-107322 1 1450.00 English Books

© Delhi Public Library
Hit Counter
free hit counter